Gaming Quiz

Random Gaming or Nintendo Quiz

Mario Kart Track Words Quiz Stats

 Plays Quiz Updated Oct 12, 2016

Challenge
Share
Tweet
Embed
Score 0/144 Timer 10:00
1 Play Today
% Correct
Mario
88.2%
Rainbow
84%
Luigi
83.3%
Road
79.9%
Bowser
77.3%
Peach
75.8%
Castle
70.8%
Wario
68.3%
Yoshi
66.1%
Toad
64.8%
Beach
59.6%
Circuit
55.4%
Waluigi
54%
Koopa
53.9%
Daisy
53.5%
DK
52.6%
Mount
49.1%
Mushroom
47.9%
Mountain
47%
Moo
47%
Stadium
44.7%
Raceway
44.7%
Desert
43.7%
Jungle
42.6%
Park
42.5%
Baby
39.6%
Land
37.3%
Island
34.1%
Mall
34.1%
Boo
33.7%
Snow
33.1%
Ice
32.5%
Dry
32.4%
Farm
31.7%
Highway
31.6%
Valley
31.3%
Choco
30.6%
Shy
30.5%
Guy
30%
Water
29.8%
Cruise
29.7%
Mansion
29.2%
Troopa
29.1%
Ghost
29%
Turnpike
28.6%
Falls
27.4%
City
27.2%
Coconut
27.1%
% Correct
Garden
26.5%
Mine
26.5%
Meadows
26.2%
Factory
25.5%
Gorge
25.4%
Kart
25.1%
Maple
24.9%
Delfino
24.2%
Sherbet
24.2%
Cape
24.1%
Volcano
23.8%
Airport
23.6%
Parkway
23.5%
Gold
23.3%
Hyrule
23.1%
Boardwalk
22.9%
Big
22.8%
Blue
22.3%
Animal
22.3%
Treeway
22%
Bone
21.7%
Pinball
21.6%
Cheep
21.2%
Square
21.2%
Crossing
21%
World
20.8%
Super
20.4%
Sunshine
20.2%
Donut
20.1%
Bridge
20%
Banshee
19.9%
Ruins
19.5%
Dino
19.2%
Canyon
19.2%
Lake
19%
Royal
18.7%
Plains
18.6%
Sweet
18.6%
Moonview
18.1%
Thwomp
18%
Neo
17.8%
Grumble
17.8%
Cruiser
17.7%
Sky
17.7%
Hills
17.1%
Arena
17.1%
Rosalina's
17%
Pass
16.9%
% Correct
Frappe
16.8%
Kalimari
16.8%
Dolphin
16.5%
Wild
16.4%
Mute
16.2%
Airship
16.1%
Woods
16%
Harbor
15.9%
Fortress
15.1%
Piranha
15.1%
Cloudtop
15%
Shoals
15%
Clock
14.8%
Cheese
14.5%
Excitebike
14.5%
Tick-Tock
14.5%
Cross
14.4%
Figure-8
14.4%
Twisted
14.4%
Snowland
14.3%
Vanilla
14.2%
Dragon
13.9%
Electrodrome
13.8%
Plant
13.7%
Dunes
13.7%
Loop
13.6%
Colosseum
13.3%
Wuhu
13.2%
Subway
13%
Ribbon
12.9%
Bell
12.9%
Outpost
12.4%
Bazaar
11.2%
Shroom
11.1%
Driftway
11.1%
Ridge
11.1%
Snowboard
10.6%
Pier
10.1%
Pipeway
9.3%
Melody
9.2%
Motorway
9.1%
Alpine
9%
Riverside
8.8%
Broken
8.4%
Sunset
7.6%
Lakeside
7.3%
Galleon
7%
Wilds
6.6%

You're not logged in!

Compare scores with friends on all Sporcle quizzes.
OR
Log In

You Might Also Like...

Show Comments

Extras

Top Quizzes Today


Score Distribution

Your Account Isn't Verified!

In order to create a playlist on Sporcle, you need to verify the email address you used during registration. Go to your Sporcle Settings to finish the process.

Report this User

Report this user for behavior that violates our Community Guidelines.

Details: